000 00270nam a22001217a 4500
040 _cSY
082 _a572
100 _aញ៉ែម ថារី
245 _aគីមីជីវវិទ្យា
260 _aRUA
_bញ៉ែម
_c2016
300 _a39p.
942 _cKB
999 _c9089
_d9089